00410nam a2200121Ia 4500008004100000100001700041245007400058245006200132260000900194300001000203650001300213856006200226170221s9999 xx 000 0 und d aKee H. Chung aInformation Asymmetry and Corporate Cash Holdings (pages 1341–1377) cKee H. Chung, Jang-Chul Kim, Young Sang Kim and Hao Zhang c2015 a4 : 2 xBusiness uhttp://onlinelibrary.wiley.com/doi/10.1111/jbfa.12173/pdf